00433nam a22001577a 4500010001300000020002700013035001300040037000800053082000600061100001000067245004200077260002800119270008900147300001900236490002000255 aB-529806 a97893882618348c350.00 aB-529806 bUBH aN aAmish aThe oath of the Vayuputras/cby Amish aChennaibWestlandc2013 a61, Silverline Building, 2nd floor, Alapakkam Main Road Mauravoyal bChennaie600095 a575pc20cm(pb) aShiva Trilogy 3